000 00599nam a22001697a 4500
003 OSt
005 20251106080536.0
008 251106b |||||||| |||| 00| 0 eng d
020 _a0-415-33498
040 _aDWCL-Main lib
_c OC
082 _aCirc. 371.1 H749 2005
100 _aHolmes, E.
245 _aTeacher well-being :
_blooking after yourself and your career in the classroom
_cHolmes, Elizabeth
260 _aLondon & New York :
_bRoutledge falmer,
_cc2005
300 _avii, 209 pages :
_c 23 cm.
942 _2ddc
_cBK-CIRC
_hCirc. 371.1 H749 2005
_kCirc.
_n0
999 _c5622
_d5622